| 000 | 00679nam a22002057a 4500 | ||
|---|---|---|---|
| 005 | 20150812124023.0 | ||
| 010 | _aENG-113622 | ||
| 020 |
_c275.00 _a9788120351202 |
||
| 035 | _aEN-97154 | ||
| 037 | _bDBAD/PUB | ||
| 082 | _a370.152 | ||
| 100 | _aGowda, N. Sukumar | ||
| 245 |
_aLearning and the learner : _cby N. Sukumar Gowda _binsights into the processes of learning and teaching / |
||
| 250 | _a2nd ed | ||
| 260 |
_aDelhi _bPHI Learning _c2015 |
||
| 270 |
_aRimjhim House, 111, Patparganj Industrial Estate, _bDelhi _e110092 |
||
| 300 |
_ax,274p. _c24cm(pbk) |
||
| 500 | _aIncludes bibliographical references and index | ||
| 942 |
_2ddc _cEN _mGOW _h370.152 |
||
| 999 |
_c95137 _d95137 |
||